000 00503nam a2200181 i 4500
001 56045
003 ES-MaACL
005 20230906163255.0
007 t|
008 031002s1975 sp ||||1| spa d
100 1 _aDíaz Peña, M.
_944383
245 1 0 _aQuímica física /
_cM. Díaz Peña, A. Roig Muntaner.
250 _a[1ª ed.].
260 _a[Madrid] :
_bAlhambra,
_c[1975]
300 _a2 v. :
_bil. ;
_c24 cm.
700 1 _aRoig Muntaner, A.
_999020
852 _aES-MaACL
_jA-5976-77
_bR.95025
999 _c56045
_d56045